1625 1144 1192 1784 1378 1262 1237 1622 1556 1468 1987 1776 1575 1915 1691 1399 1937 1391 1382 1027 1291 1489 1212 1951 1934 1106 1402 1777 1482 1002 1261 1489 1946 1326 1054 1087 1643 1875 1687 1624 1244 1541 1612 1624 1008 1267 1028 1467 1636 1301 1145 1035 1965 1644 1736 1271 1999 1626 1131 1706 1876 1409 1729 1877 1668 1054 1566 1602 1000 1181 1515 1715 1266 1124 1589 1537 1803 1368 1821 1896 1423 1301 1038 1519 1149 1775 1153 1177 1830 1816 1132 1884 1298 1466 1497 1607 1310 1909 1812 BCNSPRNW ULIB Ver.6.0+V

เปลี่ยนเป็นภาษาไทย

Change to English
 แสดงรายละเอียดบรรณานุกรม
  กลับหน้าหลัก

Brief Record : Get Marc (ISO 2709) : E-mail record : QR code < ปิดหน้าต่าง
LEADER : 00000nam 2200000uu 4500
001    13399114107
003     ULIB
008    110219s||||||||th 000 0 tha d
099    วจ.QT255^bป478ป
100 0  ปริทรรศน์ วันจันทร์
245 00 ปัจจัยที่มีอิทธิพลต่อพฤติกรรมการออกกำลังกายของนักเรียนชั้นมัธยมศึกษาตอนปลาย/^cปริทรรศน์ วันจันทร์ และ สุดกัญญา ปานเจริญ
260    นครสวรรค์:^bวิทยาลัยพยาบาลบรมราชชนนีสวรรค์ประชารักษ์,^c2548
300    88 หน้า
650  7 การออกกำลังกาย^xวิจัย
700 0  สุดกัญญา ปานเจริญ
710 2  วิทยาลัยพยาบาลบรมราชชนนีสวรรค์ประชารักษ์ นครสวรรค์
945    ^p0^l0^i030995
945    ^p0^l0^i033582
995    ทศพร
999 ^a ใช้งานได้ทุกระบบ
รายการนี้ยังไม่มีแท็ก
คุณยังไม่ได้ล็อกอิน คุณสามารถมีกิจกรรมร่วมกับเว็บไซต์ได้ แต่ต้องล็อกอินก่อน ::
  ล็อกอิน

รายการสื่อสารสนเทศ

ลำดับที่ ประเภท เลขเรียก/บาร์โค้ด สถานที่ สถานะ
1. งานวิจัย
งานวิจัย
วจ.QT255 ป478ป ฉ.1 
  Barcode: 030995
ห้องสมุดวิทยาเขตสวรรค์ประชารักษ์
►วิจัย
บนชั้น
2. งานวิจัย
งานวิจัย
วจ.QT255 ป478ป ฉ.2 
  Barcode: 033582
ห้องสมุดวิทยาเขตสวรรค์ประชารักษ์
►วิจัย
บนชั้น

รายการใกล้เคียง
    ผู้แต่ง [ปริทรรศน์ วันจันทร์]

BibComment


ยังไม่เคยถูกคอมเมนท์

คอมเมนท์ทรัพยากรรายการนี้
  คอมเมนท์: ปัจจัยที่มีอิทธิพ..


 Copyright 2026. Bcnsprnw @Library